Local environmental struggles : citizen activism in the treadmill of production

Αποθηκεύτηκε σε:
Λεπτομέρειες βιβλιογραφικής εγγραφής
Κύριος συγγραφέας: Gould, Kenneth Alan
Άλλοι συγγραφείς: Schnaiberg, Allan, Weinberg, Adam S.
Μορφή: Βιβλίο
Γλώσσα:English
Δημοσίευση: Cambridge : Cambridge University Press, 1996
Θέματα:
Ετικέτες: Προσθήκη ετικέτας
Δεν υπάρχουν, Καταχωρήστε ετικέτα πρώτοι!

MARC

LEADER 00000nam a2200000 i 4500
001 1/74258
008 080212s1996 eng d
020 |a 0-521-55521-3 
035 |l 10094596 
040 |a GR-MY-UA  |b gre  |e aacr 
041 0 |a eng 
082 0 |a 363.70525  |2 (22) 
100 1 |a Gould, Kenneth Alan. 
245 1 0 |a Local environmental struggles :  |b citizen activism in the treadmill of production /  |c Kenneth Alan Gould, Allan Schnaiberg, Adam S. Weinberg 
260 |a Cambridge :   |b Cambridge University Press,   |c 1996 
300 |a xv, 239 σ.;  |c 23 εκ. 
504 |a Βιβλιογραφία: σ. 217-231 
504 |a Ευρετήριο: σ. 232-239 
650 0 0 |a Environmentalism  |z United States  |x Case studies. 
650 0 0 |a Community power  |z United States  |x Case studies. 
650 0 0 |a Regional planning  |z United States  |x Case studies. 
700 1 |a Schnaiberg, Allan. 
700 1 |a Weinberg, Adam S. 
852 |a INST  |b LESVOS  |e 20080212  |h 363.70525 GOU  |p 005100040693  |q 005100040693  |t BK  |y 0 
901 |a BIBL1-2008-1 
909 |a Λ  |b 144908 
922 |a 1ΕΛΗ  |b 200801  |c ΕΠΕΑΕΚ2/ΤΠ  |d ΕΛΕΥΘΕΡΟΥΔΑΚΗΣ 
970 |a ΧΑΤΖΗΜΙΧΑΗΛ  |b ΜΑΡΙΑ  |z 2008/02/12